5-Letter World Cities - Statistics

General Stats
  • This quiz has been taken 88 times
  • The average score is 30 of 58
Answer Stats
Country 5-Letter Cities % Correct
Japan Tokyo
100%
Egypt Cairo
99%
France Paris
99%
South Korea Seoul
97%
India Delhi
94%
Nigeria Lagos
92%
Italy Milan
92%
Afghanistan Kabul
91%
Belarus Minsk
90%
Vietnam Hanoi
88%
Tunisia Tunis
88%
Ghana Accra
87%
Bangladesh Dhaka
87%
Japan Osaka
87%
Australia Perth
87%
Senegal Dakar
85%
Morocco Rabat
85%
Jordan Amman
83%
Ecuador Quito
83%
UAE Dubai
82%
USA Miami
81%
Portugal Porto
79%
Bulgaria Sofia
79%
UK Leeds
73%
Italy Turin
71%
Nigeria Abuja
65%
South Korea Busan
65%
Saudi Arabia Mecca
65%
China Wuhan
55%
USA Tampa
47%
Turkey Izmir
46%
Iraq Basra
45%
France Lille
36%
Iraq Mosul
33%
Brazil Belém
31%
South Korea Daegu
28%
Turkey Bursa
24%
India Surat
24%
Russia Kazan
22%
Philippines Davao
21%
Indonesia Medan
21%
Turkey Adana
17%
China Hefei
17%
Brazil Natal
17%
China Jinan
14%
China Jilin
12%
India Patna
12%
India Salem
12%
Turkey Konya
9%
South Korea Ulsan
8%
Iran Ahvaz
6%
Indonesia Batam
6%
China Linyi
6%
China Yibin
4%
China Zunyi
4%
China Baoji
3%
China Benxi
3%
Senegal Touba
3%
No matching quizzes found
Score Distribution
Percent of People with Each Score
Percentile by Number Answered
Your Score History
You have not taken this quiz